Best 100 Soccer players of All time - Statistics

General Stats
  • This quiz has been taken 3,348 times
  • The average score is 34 of 100
Answer Stats
Hint Answer % Correct
1. Argentina Lionel Messi
100%
4. Portugal Cristiano Ronaldo
99%
9. Brazil Ronaldo
99%
2. Brazil Pele
98%
3. Argentina Diego Maradona
95%
6. France Zinedine Zidane
88%
5. Netherlands Johan Cruyff
86%
11. Germany Gerd Muller
78%
12. Hungary Ferenc Puskas
71%
10. Northern Ireland George Best
70%
21. Brazil Ronaldinho
70%
7. Germany Franz Beckenbauer
68%
19. Italy Paolo Maldini
67%
23. Spain Xavi
67%
24. Spain Andres Iniesta
66%
29. France Thierry Henry
66%
40. Spain Luis Suarez
63%
28. Croatia Luka Modric
63%
45. France Kylian Mbappe
58%
48. Italy Gianluigi Buffon
57%
14. Netherlands Marco Van Basten
57%
16. Portugal Eusebio
56%
22. Russia Lev Yashin
56%
31. Germany Manuel Neuer
55%
50. Poland Robert Lewandowski
55%
90. Brazil Roberto Carlos
54%
30. Netherlands Ruud Gullit
53%
13. France Michel Platini
52%
84. England Wayne Rooney
49%
35. Brazil Rivaldo
48%
85. Germany Philipp Lahm
47%
18. England Bobby Charlton
46%
98. Brazil Kaka
45%
76. Brazil Cafu
43%
17. Brazil Garrincha
42%
97. Liberia George Weah
42%
94. Portugal Luis Figo
42%
100. Romania Gheorghe Hagi
41%
27. Italy Roberto Baggio
40%
25. Italy Franco Baresi
36%
15. Brazil Zico
36%
33. Germany Lothar Matthaus
35%
44. Scotland Kenny Dalglish
34%
92. Denmark Peter Schmeichel
34%
39. Brazil Romario
34%
42. England Bobby Moore
32%
43. Denmark Michael Laudrup
32%
89. Bulgaria Hristo Stoichkov
31%
32. Brazil Socrates
30%
83. Mexico Hugo Sanchez
29%
88. Spain Sergio Busquets
28%
96. Italy Javier Zanetti
25%
86. England Alan Shearer
24%
26. Brazil Carlos Alberto
23%
68. Netherlands Dennis Bergkamp
23%
53. Brazil Jairzinho
23%
78. Hungary Florian Albert
21%
77. Netherlands Frank Rijkaard
21%
70. Netherlands Ronald Koeman
21%
46. France Paolo Rossi
20%
8. Argentina Alfredo De Stefano
19%
73. Brazil Dani Alves
19%
99. Argentina Mario Kempes
18%
55. Italy Dino Zoff
17%
74. France Eric Cantona
17%
61. Germany Karl-Heinz Rummenigge
17%
20. Italy Giuseppe Meazza
14%
66. Scotland Denis Law
13%
80. France Just Fontaine
13%
34. France Raymond kopa
12%
49. Brazil Didi
11%
59. England Gordon Banks
11%
52. England Kevin Keegan
11%
58. Argentina Daniel Passarella
10%
60. Italy Gianni Rivera
10%
79. Brazil Rivellino
10%
36. England Stanley Matthews
10%
41. Spain Francisco 'Paco' Gento
8%
65. Netherlands Johan Neeskens
8%
71. Italy Omar Sivori
8%
93. Hungary Sandor Kocsis
8%
95. Brazil Djalma Santos
7%
67. Italy Sandro Mazzola
7%
72. Peru Teofilo Cubillas
7%
37. Italy Valentino Mazzola
7%
87. Denmark Allan Simonsen
6%
91. italy Giancinto Facchetti
6%
64. Sweden Gunnar Nordahl
6%
82. England Jimmy Greaves
6%
54. Italy Gaetano Scirea
5%
57. Germany Fritz Walter
4%
81. Brazil Josef Masopust
4%
56. Uruguay Juan Alberto Schiaffino
4%
38. Austria Mattias Sindelar
4%
63. England Dixie Dean
3%
47. Germany Gunter Netzer
3%
69. Scotland Jimmy Johnstone
3%
62. England John Charles
3%
75. Uruguay Jose Andrade
3%
51. Spain Jose Manuel Moreno
3%
No matching quizzes found
Score Distribution
Percent of People with Each Score
Percentile by Number Answered
Your Score History
You have not taken this quiz